000 00665nam a2200229Ia 4500
003 OSt
005 20220926015043.0
006 a|||||r|||| 00| 0
007 ta
008 220923b |||||||| |||| 00| 0 eng d
037 _cGeneral Book
040 _aRTL
_cRTL
_beng
041 _2eng
_aeng
082 _aX65:(B), M8/TD
100 _aHijangh Chi-fu
_9321536
245 0 _aFoundations of financial economics
260 _aNew York
_bNorth Holland
_c1988
300 _axii,365p
_ccm.
700 _a Litzenberger Robert H
_9321537
942 _hX65:(B), M8/TD
_cGB
_2CC
999 _c630473
_d630473